000 00827nam a22001817a 4500
005 20120213115125.0
020 _c210.00
_a
035 _aB-63915
037 _b
_adpl
082 _a181.493
100 _aत्रिपाठी, रामशंकर
_941705
245 1 _aबोधिचर्यावतार /
_cरामशंकर त्रिपाठी
260 _aलेह
_bकेन्द्रीय बौद्ध विद्या संस्थान
_c1986
270 _a
_b
_e
_k
300 _a648पृ.
_c22सेमी (सजिल्द)
942 _adpl
_cHN
_k
_2ddc
_h181.493
_mत्रिपाठी
999 _c62601
_d62601